000 00638nam a2200217 a 4500
999 _c7747
_d7747
001 7747
003 BD-JhCC
005 20181003171151.0
008 180213b1955 e ||||| ||a| 000 0 eng d
035 _a(BD-JhCC) 7747
040 _aBD-JhCC
_dBD-JhCC
041 _aeng
082 _a428.2407
_bGUR 1955
100 _aGurrey, P.
245 _aTeaching English as a foreign language /
_c P. Gurrey
260 _aLondon :
_bTHE ENGLISH LANGUAGE BOOK SOCIETY AND LONGMANS GREEN AND CO LTD ,
_c1955
300 _a199 p .:
_c17 cm .
650 _aEnglish Language, Study and Teaching, Foregin Speakers
942 _2ddc
_cBK